00409nam a2200157Ia 45000010006000000050017000060080041000230410008000640820021000721000041000932450079001342600009002133000013002226500008002356540008002431709320260306170359.0260306t2013||||xx |||||||||||||| ||und|| aESP a657.45bV78 V. 2 aVizcarra Moscoso, Jaime ErnestoeAUT 0aNIA - Manual de normas internacionales de auditoría y control de calidad c2013 ac25 cm. aGEN aCCO